Financial Accounting: (Record no. 34753)

MARC details
000 -LEADER
fixed length control field 00389nam a22001577a 4500
005 - DATE AND TIME OF LATEST TRANSACTION
control field 20231206112247.0
008 - FIXED-LENGTH DATA ELEMENTS--GENERAL INFORMATION
fixed length control field 231204b |||||||| |||| 00| 0 eng d
020 ## - INTERNATIONAL STANDARD BOOK NUMBER
ISBN 81-7808797-9
082 ## - DEWEY DECIMAL CLASSIFICATION NUMBER
Classification number 657
Item number TUL-F
100 ## - MAIN ENTRY--AUTHOR
Author Name Tulsian; P. C
245 ## - TITLE STATEMENT
Title Financial Accounting:
Statement of responsibility, etc. Tulsian; P. C
260 ## - PUBLICATION, DISTRIBUTION, ETC.
Place of Publication India
Name of publisher, distributor, etc. Pearson
Date of publication, distribution, etc. 2004
500 ## - GENERAL NOTE
General note Include Index
650 ## - SUBJECT ADDED ENTRY--TOPICAL TERM
Subject / Department Accounting
952 ## - LOCATION AND ITEM INFORMATION (KOHA)
-- 0
-- 0
Holdings
Lost status Damaged status Collection code Permanent Location Current Location Shelving Location Date acquired Full Call Number Accession No./Barcode Date last seen item type Koha item type
    Management Superior Information Resource Center (SIRC) Superior University- Main Campus Superior Information Resource Center (SIRC) Superior University- Main Campus Accounting 12/04/2023 657 TUL-F 2004 29010 12/04/2023 BOOK BOOK

Powered by Koha